000 00509nam a2200181Ia 4500
005 20250701164512.0
008 008 250505s9999 xx 000 0 jpn d
020 _a9784874247020; 1920081020003
037 _aTextual
040 _aEASL
_beng
_cEASL
041 _ajpn
_2jpn
084 _qEASL
100 _aIshikawa Satoru
_9815062
245 0 _aGreat Japanese 30 No Monogatari Bustu de Manebu Nihengo
260 _aJapan
_bJ Kurashio Oshupan
_c2016
942 _cTEXL
999 _c1433293
_d1433293